Normal view
MARC view
- JOHN L. HENNESSY AND DAVID A. PATTERSON
Entry Personal Name
001 - CONTROL NUMBER
- control field: 21460
003 - CONTROL NUMBER IDENTIFIER
- control field: NUST
005 - DATE AND TIME OF LATEST TRANSACTION
- control field: 20190926101151.0
008 - FIXED-LENGTH DATA ELEMENTS
- fixed length control field: 190926|| aca||aabn | a|a d
040 ## - CATALOGING SOURCE
- Original cataloging agency: NUST
- Transcribing agency: NUST
100 ## - HEADING--PERSONAL NAME
- Personal name: JOHN L. HENNESSY AND DAVID A. PATTERSON
670 ## - SOURCE DATA FOUND
- Source citation: Work cat.: (NUST)23251: JOHN L. HENNESSY AND DAVID A. PATTERSON, COMPUTER ARCHITECTURE: A QUANTITY APPROACH , 2007
